000 00321nam a22001337a 4500
020 _a978-81-7608-831-2
082 _a530
_bSHA/N
100 _aS.K.SHARMA
245 _aNEW MILLENIUM PHYSICS
_bCLASS XI VOL.1
260 _aJALANDHAR
_bDINESH & CO
_c2014
300 _a560
650 _aPHYSICS FOR CLASS XI
_zINDIA
942 _cBK
999 _c505
_d505